Statistics for 80's Songs Name in the Title

Click here to take the quiz!

General Stats

  • This quiz has been taken 128 times
  • The average score is 4 of 9

Answer Stats

HintAnswer% Correct
I bless the rains down in ___Africa
86%
Once I ran to you /Now I run from you /This ___ __ you've givenTainted Love
69%
She seems to have an ____ ___ yeah /She reaches in and grabs right hold of your heartInvisible Touch
40%
Acting on your best behavior /turn your back on mother nature/ ____ ___ _ __ __ ___Everybody wants to rule the world
36%
I don't give a damn 'bout my __ ____!Bad Reputation
32%
Wish me love a __ __, /kiss and tellWishing Well
28%
You __ _ _ _ _ baby /If that's the way you want it baby /Then I don't want you aroundTake it on the Run
27%
___ _ ___ /Oh I swear what he means /At this moment, you mean everythingCome on Eileen
22%
_ __ _ ___ ___ /I love to hear the thunder /Watch the lightning /When it lights up the skyI Love a Rainy Night
14%

Score Distribution

Percentile by Number Answered

Percent of People with Each Score

Your Score History

You have not taken this quiz